Aprendamos lengua y literatura 2 /

Guardado en:
Autor Principal: Delgado, Myriam
Formato: Libro
Publicado: Córdoba : Comunic-arte, 2014
Materias:
Etiquetas: Agregar Etiqueta
Sin Etiquetas, Sea el primero en etiquetar este registro!
LEADER 00737nam a22002175a 4500
001 CEM.cems014538
005 20141211165439.0
008 130507s2014##################000#0#####d
003 CEMS
020 |a 9789876022767 
082 0 4 |a 468 
100 1 |a Delgado, Myriam 
245 1 0 |a Aprendamos lengua y literatura 2 /  |c Myriam Delgado 
260 |a Córdoba :  |b Comunic-arte,  |c 2014 
300 |a 158 p. 
505 0 |a Comunicación y sociedad -- La conversación -- El mito -- La entrevista -- El cuento policial -- El texto compositivo -- El cuento fantástico -- El texto poético 
653 |a Lengua 
653 |a Literatura 
653 |a Comunicación 
653 |a Sintaxis 
859 |a CEMS  |b BIB. CEMS - 11 de abril  |h 468  |i D378  |p 27098.14  |t Ej.1  |v 2  |3 2